Nomenclature des boulevards, quaids, rues, passages, squares & edifices indiqués sur le plan de Paris (Record no. 160747)

MARC details
000 -LEADER
campo de control de longitud fija 00782nam a22001815i 4500
001 - NÚMERO DE CONTROL
campo de control 160747
003 - IDENTIFICADOR DE NÚMERO DE CONTROL
campo de control ES-MaACL
005 - FECHA Y HORA DE LA ÚLTIMA TRANSACCIÓN
campo de control 20230906212123.0
008 - DATOS DE LONGITUD FIJA--INFORMACIÓN GENERAL
campo de control de longitud fija 041014s1891 fr a |||| | fre d
040 ## - FUENTE DE CATALOGACIÓN
Centro catalogador/agencia de origen CAM
Lengua de catalogación spa
Centro/agencia transcriptor CAM
245 00 - MENCIÓN DEL TÍTULO
Título Nomenclature des boulevards, quaids, rues, passages, squares & edifices indiqués sur le plan de Paris
Resto del título : accompagnée de la liste des omnibus et des tramways, de la liste de tramways-nord, de la liste des tramways-sud.
260 ## - PUBLICACIÓN, DISTRIBUCIÓN, ETC.
Lugar de publicación, distribución, etc. Paris :
Nombre del editor, distribuidor, etc. Maison Logerot, J. Gaultier éditeur,
Fecha de publicación, distribución, etc. [s.a.]
300 ## - DESCRIPCIÓN FÍSICA
Extensión 36 p., [1] h. pleg. de mapa ;
Dimensiones 16 cm.
599 ## - NOTA A LAS ILUSTRACIONES
NOTA A LAS ILUSTRACIONES La h. de mapa pleg. plano a color de Paris de 1891.
651 #4 - PUNTO DE ACCESO ADICIONAL DE MATERIA--NOMBRE GEOGRÁFICO
Nombre geográfico Paris-
Subdivisión de forma Mapas.
9 (RLIN) 137293
651 #4 - PUNTO DE ACCESO ADICIONAL DE MATERIA--NOMBRE GEOGRÁFICO
Nombre geográfico Paris-
Subdivisión general Calles.
9 (RLIN) 137295
852 ## - LOCALIZACIÓN
Ubicación ES-MaACL
Número de control de estantería C-287
Nota libre -- Enc. tela con hierros
Holdings
Estatus retirado Estado de pérdida Estado de daño No para préstamo Biblioteca de origen Biblioteca actual Ubicación en estantería Fecha de adquisición Fuente de adquisición Total de préstamos Signatura topográfica completa Código de barras Visto por última vez Precio de reemplazo Tipo de ítem Koha
        Biblioteca del Ateneo de Madrid Biblioteca del Ateneo de Madrid Sala Palomar 17/01/2008     C-287 1168332 23/02/2023 23/02/2023 Libro impreso